00438nam a2200169Ia 4500008004000000082001900040100002400059245005200083250000500135260004900140300001100189650001300200650002000213650001800233650000900251650000800260210210b1984 xxu||||| |||| 00| 0 eng d a621.38195 RAOM aRAO (Guthikonda V). aMicroprocessors and microcomputer systems. Ed.2 a aDelhibCBS Publishers and Distributorsc1984 axv,581 asystems. aMicroprocessors amicrocomputer aEd.2 aand